000 00867cam a22002655a 4500
001 dp25j3nbb4nm19sn
003 LIBRIS
005 20230101064810.0
008 190925s2019 us |||||||||||000 1|eng|c
020 _a9781859465790
035 _a(Adlibris)9781859465790
040 _aSEK
_ea
_cNA
041 _aeng
082 _a747.019 G77 2019
100 1 _aGrigoriou, Elina
245 1 0 _aWellbeing in Interiors /
_cElina Grigoriou.
264 1 _bRIBA PUBLISHING,
_c2019
300 _a207 p,
_c24 cm.
340 _b0 cm
887 _a{"@id":"dp25j3nbb4nm19sn","modified":"2019-09-25T16:16:30.027+02:00","checksum":"31055823112"}
_2librisxl
887 _a{"@id":"x7lp2m6wvxbp0bhv","modified":"2019-09-25T16:16:30.062+02:00","checksum":"24959564154"}
_2librisxl
942 _2ddc
_cBK-EN
_n0
999 _c5755
_d5755